logo

Bir Sreshtho Munshi Abdur Rouf Library
Jhenaidah Cadet College

হাসির পাঁচ উপন্যাস / (Record no. 10564)

MARC details
000 -LEADER
fixed length control field 00755nam a2200229 a 4500
001 - CONTROL NUMBER
JCCL Control Number 10564
003 - CONTROL NUMBER IDENTIFIER
JCCL marc code BD-JhCC
005 - DATE AND TIME OF LATEST TRANSACTION
control field 20220725134023.0
008 - FIXED-LENGTH DATA ELEMENTS--GENERAL INFORMATION
fixed length control field 180710s2017 bg |||| |||| 000 0 ben d
020 ## - INTERNATIONAL STANDARD BOOK NUMBER
International Standard Book Number 9789844952430
035 ## - SYSTEM CONTROL NUMBER
system control number (BD-JhCC)10564
040 ## - CATALOGING SOURCE
Original cataloging agency BD-JhCC
Modifying agency BD-JhCC
041 ## - LANGUAGE CODE
Language code of Book ben
082 ## - DEWEY DECIMAL CLASSIFICATION NUMBER
Classification number 891.443
Author mark and Year MAM 2017
100 ## - MAIN ENTRY--PERSONAL NAME
Personal name মামুন, মোস্তফা
245 ## - TITLE STATEMENT
Title হাসির পাঁচ উপন্যাস /
Statement of responsibility, etc মোস্তফা মামুন
260 ## - PUBLICATION, DISTRIBUTION, ETC. (IMPRINT)
Place of publication, distribution, etc ঢাকা :
Name of publisher, distributor, etc পার্ল পাবলিকেশন্স,
Date of publication, distribution, etc ২০১৭.
300 ## - PHYSICAL DESCRIPTION
Pagination ৪১৫ পৃ. :
Dimensions ২০ সেমি.
650 ## - SUBJECT ADDED ENTRY--TOPICAL TERM
Topical term or geographic name as entry element Bengali Novel
650 ## - SUBJECT ADDED ENTRY--TOPICAL TERM
Topical term or geographic name as entry element বাংলা উপন্যাস
942 ## - ADDED ENTRY ELEMENTS (KOHA)
Source of classification or shelving scheme Dewey Decimal Classification
Koha item type Books
Koha issues (borrowed), all copies 11
Holdings
Source of classification or shelving scheme Damaged status Not for loan Home library Current library Shelving location Date of accession Source of acquisition Cost, normal purchase price Total Checkouts Full call number Barcode Date last seen Date checked out Copy number Koha item type
Dewey Decimal Classification     JCC Rouf Library JCC Rouf Library General Stacks 07/10/2018 ক্যাডেট ফিরোজ, 30/1657/H 500.00 3 891.443 MAM 2017 14122 07/16/2025 07/03/2025 C-1 Books
Dewey Decimal Classification     JCC Rouf Library JCC Rouf Library General Stacks 08/01/2018   500.00 5 891.443 MAM 2017 14365 02/06/2023 01/30/2023 C-2 Books
Dewey Decimal Classification     JCC Rouf Library JCC Rouf Library General Stacks 03/20/2023   500.00 5 891.443 MAM 2017 14941 10/16/2023 09/17/2023 C-3 Books

JCC Library | Contacts | JCC Home

Last Update on 23 September 2017
Copyright @ 2017-2020 JCC Rouf Library
Rouf Library, Jhenidah Cadet College (JCC), Bangladesh